000 00631nam a2200241Ia 4500
005 20260306145640.0
008 008 260114s9999 xx 000 0 eng d
020 _a9783112400401
037 _aEbook
040 _aCRL
040 _beng
040 _cCRL
041 _2eng
041 _aeng
084 _qCRL
245 0 _aDer Vordere Orient in den Hochschulschriften Deutschlands, Österreichs und der Schweiz
260 _bKlaus Schwarz Verlag
260 _c2021
650 _aLinguistics and Semiotics
856 _uhttps://www.degruyter.com/isbn/9783112400401
942 _cEBOOK
999 _c1689854
_d1689854